La muerte de don juan /

Guardado en:
Autor Principal: Junqueiro, Guerra
Formato: Libro
Publicado: Barcelona : Granada, 0
Materias:
Etiquetas: Agregar Etiqueta
Sin Etiquetas, Sea el primero en etiquetar este registro!
LEADER 00441nam a22001575a 4500
001 EHU.bham024137
003 AR-BHAM
005 20130507105803.0
008 130507b######################000#0#####d
082 8 6 |a 869.1 
100 1 |a Junqueiro, Guerra 
245 1 0 |a La muerte de don juan /  |c Guerra Junqueiro 
260 |a Barcelona :  |b Granada, 0 
300 |a 238 p. 
653 |a Literatura 
859 |a AR-BHAM  |b BIB. HUMANIDADES - General  |h 869.1  |i J961  |p 479.93  |t Ej.1